00525nam a22001577a 450000500170000001000150001702000110003203500140004303700130005708200140007010000160008424501410010026000520024127000470029330000270034020170906171104.0 aENG-120126 c250.00 aEN-103658 bDBAD/PUB a346.54018 aJerard, F.V aGuardians and wards act, 1890 with Madras high cour rules :ba compendium of supreme court and Madras high court cases /cby F.V Jerard  aNagapattinam bVijaya Victor Publicationsc2016 aNo. 50, Bungalow Club Road bNagapattinam  axxiv, 239p.c21cm(pbk)